A doctor comes to California, (Record no. 90502)
[ view plain ]
| 000 -LEADER | |
|---|---|
| fixed length control field | 01438cam a22003131 4500 |
| 001 - CONTROL NUMBER | |
| control field | sg 44000304 |
| 003 - CONTROL NUMBER IDENTIFIER | |
| control field | DLC |
| 005 - DATE AND TIME OF LATEST TRANSACTION | |
| control field | 20260227112744.0 |
| 008 - FIXED-LENGTH DATA ELEMENTS--GENERAL INFORMATION | |
| fixed length control field | 850225s1943 caubc 00010aeng |
| 010 ## - LIBRARY OF CONGRESS CONTROL NUMBER | |
| LC control number | sg 44000304 //r954 |
| 040 ## - CATALOGING SOURCE | |
| Original cataloging agency | DLC/ICU |
| Transcribing agency | ICU |
| Modifying agency | DLC |
| 043 ## - GEOGRAPHIC AREA CODE | |
| Geographic area code | n-usp-- |
| -- | n-us-ca |
| 050 00 - LIBRARY OF CONGRESS CALL NUMBER | |
| Classification number | F856 |
| Item number | .C237 no. 18 Rare bk. Coll. |
| 082 00 - DEWEY DECIMAL CLASSIFICATION NUMBER | |
| Classification number | 978 |
| -- | 979.40082 |
| 100 10 - MAIN ENTRY--PERSONAL NAME | |
| Personal name | Griffin, John S. |
| Fuller form of name | (John Strother), |
| Dates associated with a name | 1816-1898. |
| 245 12 - TITLE STATEMENT | |
| Title | A doctor comes to California, |
| Remainder of title | the diary of John S. Griffin, assistant surgeon with Kearny's dragoons, 1846-1847; |
| Statement of responsibility, etc. | with an introduction and notes by George Walcott Ames, jr., and a foreword by George D. Lyman, M.D. |
| 260 0# - PUBLICATION, DISTRIBUTION, ETC. | |
| Place of publication, distribution, etc. | San Francisco, |
| Name of publisher, distributor, etc. | California historical society, |
| Date of publication, distribution, etc. | 1943. |
| 300 ## - PHYSICAL DESCRIPTION | |
| Extent | 1 p.l., 97 p. |
| Other physical details | front. (port.) maps. |
| Dimensions | 27 cm. |
| 490 1# - SERIES STATEMENT | |
| Series statement | [California historical society. Special publication |
| Volume/sequential designation | no. 18] |
| 500 ## - GENERAL NOTE | |
| General note | "Reprinted from the California historical society quarterly, volume XXI, numbers 3 and 4, and volume XXII, no. 1." |
| 650 #0 - SUBJECT ADDED ENTRY--TOPICAL TERM | |
| Topical term or geographic name entry element | Overland journeys to the Pacific. |
| 651 #0 - SUBJECT ADDED ENTRY--GEOGRAPHIC NAME | |
| Geographic name | Southwest, New |
| General subdivision | Description and travel. |
| 651 #0 - SUBJECT ADDED ENTRY--GEOGRAPHIC NAME | |
| Geographic name | California |
| General subdivision | Description and travel. |
| 650 #0 - SUBJECT ADDED ENTRY--TOPICAL TERM | |
| Topical term or geographic name entry element | Kearny's Expedition, 1846. |
| 600 10 - SUBJECT ADDED ENTRY--PERSONAL NAME | |
| Personal name | Griffin, John S. |
| Fuller form of name | (John Strother), |
| Dates associated with a name | 1816-1898 |
| General subdivision | Diaries. |
| 650 #0 - SUBJECT ADDED ENTRY--TOPICAL TERM | |
| Topical term or geographic name entry element | Surgeons |
| Geographic subdivision | United States |
| General subdivision | Diaries. |
| 700 11 - ADDED ENTRY--PERSONAL NAME | |
| Personal name | Ames, George Walcott, |
| Relator term | ed. |
| 830 #0 - SERIES ADDED ENTRY--UNIFORM TITLE | |
| Uniform title | Special publication (California Historical Society) ; |
| Volume/sequential designation | no. 18. |
No items available.